000 01313nam a2200265Ia 4500
999 _c40584
_d40584
001 7209
003 GE_BSU
005 20230606170906.0
008 181216s2011||||ge |||||||||||||| ||geo||
020 _a9789941104237
040 _cGE_BSU
041 _ageo
080 _a341.9(479.22) გ-12
100 _aგაბისონია, ზვიად
_98189
245 _aქართული საერთაშორისო კერძო სამართალი=Georgisches internationales Privatrecht :
_b[იურიდ. ფაკ. სტუდ.] /
_cზვიად გაბისონია; [რედ. ლადო ჭანტურია].
250 _aმე-2 გადამუშ. და დამატ.გამოც.
264 _aთბილისი:
_bმერიდიანი,
_c2011.
300 _a490 გვ.;
_b20 სმ.
500 _aპარალ. თავფურ. გერმ.
504 _aბიბლიოგრ. ტექსტ. შენიშვნ. და გვ. 468-489.
653 _aსამართალი
653 _aქართული საერთაშორისო კერძო სამართალი
700 _aჭანტურია, ლადო
_eრედაქტორი
_912988
942 _cBK
_2udc